[Event "Rostock SSC op 18th"]
[Site "Rostock"]
[Date "2019.08.11"]
[Round "7"]
[White "Hoelss, Manuel"]
[Black "Duede, Sebastian"]
[Result "0-1"]
[WhiteElo "1728"]
[BlackElo "1679"]
[PlyCount "74"]
[EventDate "2019.08.07"]
[EventType "swiss"]
[EventRounds "7"]
[EventCountry "GER"]
[SourceTitle "EXT 2020"]
[Source "ChessBase"]
[SourceDate "2019.10.17"]
[SourceVersion "1"]
[SourceVersionDate "2019.10.17"]
[SourceQuality "1"]

1. e4 c5 2. Nf3 Nc6 3. d4 cxd4 4. Nxd4 Nf6 5. Nc3 d6 6. Be3 Bd7 7. Be2 g6 8. g4 h5 9. g5 Ng4 10. Bxg4 Bxg4 11. f3 Bd7 12. Nxc6 bxc6 13. Qd4 e5 14. Qc4 Qc8 15. 0-0-0 Be6 16. Qa4 Qb7 17. Nd5 Bxd5 18. exd5 Qb5 19. Qxb5 cxb5 20. f4 exf4 21. Bxf4 Be7 22. Rhe1 Kd7 23. Re3 Rac8 24. Ra3 Rc7 25. Be3 Rhc8 26. Rd2 Rb7 27. h4 f6 28. gxf6 Bxf6 29. Rh2 Rc4 30. Bf2 Rbc7 31. Bxa7 Rxh4 32. Rxh4 Bxh4 33. Bg1 g5 34. Rf3 g4 35. Rf7+ Be7 36. Bf2 Ke8 37. Rh7 Bg5+ 0-1

[Event "Rostock SSC op 18th"]
[Site "Rostock"]
[Date "2019.08.08"]
[Round "3"]
[White "Hoelss, Manuel"]
[Black "Wagner, Tino"]
[Result "1-0"]
[WhiteElo "1728"]
[BlackElo "1423"]
[PlyCount "99"]
[EventDate "2019.08.07"]
[EventType "swiss"]
[EventRounds "7"]
[EventCountry "GER"]
[SourceTitle "EXT 2020"]
[Source "ChessBase"]
[SourceDate "2019.10.17"]
[SourceVersion "1"]
[SourceVersionDate "2019.10.17"]
[SourceQuality "1"]

1. e4 e5 2. Nf3 Nc6 3. d4 exd4 4. Nxd4 Be7 5. Nc3 Nf6 6. Nf5 0-0 7. Bf4 d6 8. g4 g6 9. Nh6+ Kh8 10. h4 Be6 11. Nd5 Nxe4 12. Bb5 Bxh4 13. Bxc6 bxc6 14. Qd4+ Bf6 15. Nxf6 Qxf6 16. Qxf6+ Nxf6 17. f3 Bd5 18. Kf2 Nd7 19. Bd2 f6 20. Bc3 Ne5 21. Rh3 Kg7 22. f4 Nxg4+ 23. Nxg4 Be6 24. Rg3 Bxg4 25. Rxg4 h5 26. Rg3 Kf7 27. Re1 Rae8 28. Rge3 f5 29. Rxe8 Rxe8 30. Rxe8 Kxe8 31. Kg3 c5 32. b4 cxb4 33. Bxb4 d5 34. Bc5 a6 35. Kh4 c6 36. Kg5 Kf7 37. Bd4 Ke6 38. Kxg6 h4 39. Bg1 h3 40. c3 c5 41. Kh5 d4 42. cxd4 c4 43. Kh4 c3 44. Kxh3 Kd5 45. Be3 Ke4 46. Bc1 Kxd4 47. Kh4 Kd5 48. Kg5 Ke6 49. a4 a5 50. Ba3 1-0

[Event "Hofheim Spring op-B 7th"]
[Site "Hofheim"]
[Date "2019.04.25"]
[Round "4"]
[White "Hoelss, Manuel"]
[Black "Mehlen, Theodor"]
[Result "0-1"]
[WhiteElo "1747"]
[BlackElo "1865"]
[PlyCount "112"]
[EventDate "2019.04.23"]
[EventType "swiss"]
[EventRounds "9"]
[EventCountry "GER"]
[SourceTitle "CBM 190 Extra"]
[Source "ChessBase"]
[SourceDate "2019.07.15"]
[SourceVersion "1"]
[SourceVersionDate "2019.07.15"]
[SourceQuality "1"]

1. e4 e6 2. d4 d5 3. Bd3 Bd7 4. Nc3 dxe4 5. Bxe4 Bc6 6. d5 exd5 7. Nxd5 Nf6 8. Nxf6+ Qxf6 9. Bxc6+ Nxc6 10. Nf3 Bd6 11. 0-0 0-0 12. c3 Rad8 13. Qc2 h6 14. Be3 Ne5 15. Nxe5 Qxe5 16. g3 b6 17. Rfe1 Qh5 18. Rad1 Rfe8 19. Rd4 Re6 20. Rh4 Qg6 21. Qd1 Rde8 22. Rg4 Qh7 23. Qf3 Bc5 24. Rd1 Bxe3 25. fxe3 Qc2 26. Rd7 R6e7 27. Rxe7 Rxe7 28. Qd5 Qc1+ 29. Kg2 Qxe3 30. Rf4 Qe2+ 31. Kg1 g5 32. Rf2 Qe1+ 33. Rf1 Qe3+ 34. Rf2 Qe4 35. Qd8+ Kg7 36. Rf1 Qe6 37. Qd4+ f6 38. Rf3 Rd7 39. Qf2 Rd1+ 40. Kg2 Qd6 41. Qe3 Qd2+ 42. Qf2 Qxf2+ 43. Rxf2 h5 44. Re2 Kf7 45. Kf3 Rd5 46. h3 f5 47. a4 a5 48. b4 Rd3+ 49. Re3 Rxe3+ 50. Kxe3 Ke6 51. Kd4 Kd6 52. b5 h4 53. gxh4 gxh4 54. Ke3 c6 55. c4 cxb5 56. cxb5 Kc5 0-1

[Event "Heusenstamm Sparkassen op-A 5th"]
[Site "Heusenstamm"]
[Date "2018.11.25"]
[Round "7"]
[White "Schmidt, Max"]
[Black "Hoelss, Manuel"]
[Result "1-0"]
[WhiteElo "1979"]
[BlackElo "1724"]
[PlyCount "55"]
[EventDate "2018.11.22"]
[EventType "swiss"]
[EventRounds "7"]
[EventCountry "GER"]
[SourceTitle "CBM 188 Extra"]
[Source "ChessBase"]
[SourceDate "2019.02.26"]
[SourceVersion "1"]
[SourceVersionDate "2019.02.26"]
[SourceQuality "1"]

1. e4 c5 2. Nf3 Nc6 3. Bb5 a6 4. Bxc6 bxc6 5. d3 Qc7 6. b3 e5 7. 0-0 Be7 8. Nbd2 Nf6 9. Nc4 d6 10. h3 0-0 11. Nh2 d5 12. Nd2 Ne8 13. c4 f5 14. f3 Nf6 15. Re1 Nh5 16. Ndf1 Bh4 17. Re2 Qf7 18. exf5 Qxf5 19. Ng4 Re8 20. Kh2 Qg6 21. g3 Nxg3 22. Nxg3 h5 23. Nxh5 Qxh5 24. Qg1 Bf5 25. Rg2 Bxd3 26. Nh6+ Kh8 27. Rxg7 Be4 28. Nf7+ 1-0

[Event "Rhein Main op-B 21st"]
[Site "Bad Homburg"]
[Date "2018.05.31"]
[Round "2"]
[White "Hoelss, Manuel"]
[Black "Al Butmeh, Firas"]
[Result "1-0"]
[WhiteElo "1757"]
[BlackElo "1446"]
[PlyCount "43"]
[EventDate "2018.05.30"]
[EventType "swiss"]
[EventRounds "7"]
[EventCountry "GER"]
[SourceTitle "EXT 2019"]
[Source "ChessBase"]
[SourceDate "2018.10.10"]
[SourceVersion "1"]
[SourceVersionDate "2018.10.10"]
[SourceQuality "1"]

1. e4 c5 2. d4 cxd4 3. c3 d3 4. Bxd3 g6 5. Be3 Bg7 6. Nf3 Nc6 7. 0-0 d6 8. Nbd2 Nf6 9. Nb3 0-0 10. Qd2 b6 11. Nbd4 Bb7 12. Ng5 Qd7 13. f4 h6 14. Nh3 Nxd4 15. e5 dxe5 16. fxe5 Ng4 17. Bxd4 Nxe5 18. Bxe5 Bxe5 19. Qxh6 Bg7 20. Qh4 Qxd3 21. Ng5 f6 22. Qh7# 1-0

[Event "Hessen-chB"]
[Site "Frankfurt"]
[Date "2018.05.12"]
[Round "5"]
[White "Hoelss, Manuel"]
[Black "Wilke, Tabea"]
[Result "0-1"]
[WhiteElo "1757"]
[BlackElo "1773"]
[PlyCount "50"]
[EventDate "2018.05.10"]
[EventType "swiss"]
[EventRounds "7"]
[EventCountry "GER"]
[SourceTitle "EXT 2019"]
[Source "ChessBase"]
[SourceDate "2018.10.10"]
[SourceVersion "1"]
[SourceVersionDate "2018.10.10"]
[SourceQuality "1"]

1. e4 e5 2. Nf3 Nc6 3. d4 exd4 4. Bc4 Bb4+ 5. c3 dxc3 6. bxc3 Qe7 7. 0-0 Ne5 8. Nxe5 Qxe5 9. Qb3 Bd6 10. Bxf7+ Kf8 11. f4 Qxe4 12. Nd2 Qf5 13. Bxg8 Rxg8 14. Kh1 b5 15. Bb2 Bb7 16. Rae1 Qd5 17. Ne4 Qxb3 18. axb3 Be7 19. Re3 Re8 20. Rfe1 Kf7 21. Rf1 h6 22. h3 Bh4 23. Ng5+ hxg5 24. fxg5+ Kg6 25. Ref3 Bxf3 0-1

[Event "Hessen-chB"]
[Site "Frankfurt"]
[Date "2018.05.10"]
[Round "1"]
[White "Hoelss, Manuel"]
[Black "Strache, Rolf"]
[Result "1-0"]
[WhiteElo "1757"]
[BlackElo "1558"]
[PlyCount "57"]
[EventDate "2018.05.10"]
[EventType "swiss"]
[EventRounds "7"]
[EventCountry "GER"]
[SourceTitle "EXT 2019"]
[Source "ChessBase"]
[SourceDate "2018.10.10"]
[SourceVersion "1"]
[SourceVersionDate "2018.10.10"]
[SourceQuality "1"]

1. e4 c5 2. d4 cxd4 3. c3 dxc3 4. Nxc3 Nc6 5. Bc4 e6 6. a3 a6 7. Be3 b5 8. Ba2 Bb7 9. Nf3 Be7 10. e5 Qc7 11. Bf4 h6 12. Ne4 g5 13. Nd6+ Bxd6 14. exd6 Qd8 15. Bd2 Nf6 16. Bc3 Rg8 17. Ne5 Nxe5 18. Bxe5 Bxg2 19. Rg1 Bc6 20. Qd4 Nd5 21. 0-0-0 Rc8 22. Bxd5 Bxd5+ 23. Kb1 Rc4 24. Qa7 Qc8 25. Rc1 Be4+ 26. Ka2 Rxc1 27. Rxc1 Bc6 28. Rxc6 Qd8 29. Bf6 1-0

[Event "Rhein Main op-B 20th"]
[Site "Bad Homburg"]
[Date "2017.06.17"]
[Round "5"]
[White "Hoelss, Manuel"]
[Black "Bajorski, Leszek"]
[Result "0-1"]
[WhiteElo "1806"]
[BlackElo "1960"]
[PlyCount "116"]
[EventDate "2017.06.14"]
[EventType "swiss"]
[EventRounds "7"]
[EventCountry "GER"]
[SourceTitle "EXT 2018"]
[Source "ChessBase"]
[SourceDate "2017.10.13"]
[SourceVersion "1"]
[SourceVersionDate "2017.10.13"]
[SourceQuality "1"]

1. e4 c6 2. d4 d5 3. Nc3 dxe4 4. Nxe4 Bf5 5. Ng3 Bg6 6. Nf3 Nd7 7. h4 h6 8. Bc4 e6 9. h5 Bh7 10. 0-0 Bd6 11. Bd2 Qc7 12. Qe1 0-0-0 13. Ba5 b6 14. Ba6+ Kb8 15. Bc3 Ngf6 16. Ne5 Rhf8 17. b4 Nd5 18. Nxd7+ Rxd7 19. Bd2 Bf4 20. c4 Bxd2 21. Qxd2 Qf4 22. Qb2 Nc7 23. Ne2 Qg4 24. b5 Nxa6 25. bxa6 Bd3 26. f3 Qg5 27. f4 Qxh5 28. Rf3 Bxe2 29. Qxe2 Rxd4 30. f5 Rfd8 31. Qe5+ Kc8 32. Qxg7 exf5 33. Rh3 Qg6 34. Qe5 Rd1+ 35. Rxd1 Rxd1+ 36. Kh2 Qd6 37. Qxd6 Rxd6 38. Rf3 Rf6 39. Rg3 Rg6 40. Re3 Kd7 41. Rf3 Rf6 42. Rd3+ Rd6 43. Rf3 Ke6 44. Re3+ Kf6 45. Re8 Rd7 46. Rb8 Rd2 47. Rb7 Rxa2 48. Rxa7 Ke6 49. Rc7 Kd6 50. Rxf7 Kc5 51. a7 Kxc4 52. Kg3 b5 53. Kf4 b4 54. Kxf5 b3 55. Ke6 c5 56. Kd6 Ra6+ 57. Ke5 b2 58. Rb7 Kc3 0-1

[Event "Rhein Main op-B 20th"]
[Site "Bad Homburg"]
[Date "2017.06.15"]
[Round "2"]
[White "Goodwin, David"]
[Black "Hoelss, Manuel"]
[Result "0-1"]
[WhiteElo "1530"]
[BlackElo "1806"]
[PlyCount "96"]
[EventDate "2017.06.14"]
[EventType "swiss"]
[EventRounds "7"]
[EventCountry "GER"]
[SourceTitle "EXT 2018"]
[Source "ChessBase"]
[SourceDate "2017.10.13"]
[SourceVersion "1"]
[SourceVersionDate "2017.10.13"]
[SourceQuality "1"]

1. Nf3 f5 2. d3 Nf6 3. g3 g6 4. c4 Bg7 5. Nc3 0-0 6. Bg2 d6 7. 0-0 e5 8. Qb3 h6 9. Nh4 Kh7 10. Bxb7 Bxb7 11. Qxb7 Nbd7 12. Nb5 a6 13. Nc3 Nc5 14. Qg2 Qd7 15. Qh3 Nh5 16. Nf3 Ne6 17. Qg2 Rae8 18. e4 Nd4 19. Nxd4 exd4 20. Nd5 fxe4 21. dxe4 c6 22. Nf4 Nf6 23. f3 g5 24. Qc2 Kg8 25. Nd3 g4 26. Nf4 gxf3 27. Ng6 Rf7 28. Rxf3 Nxe4 29. Rxf7 Qxf7 30. Nf4 Qa7 31. Qd3 Nc5 32. Qf3 d3 33. Be3 Qe7 34. Re1 Ne4 35. Nxd3 d5 36. Bc5 Qe6 37. Nf4 Qf7 38. Qe3 Re5 39. Bd4 Rf5 40. Bxg7 Kxg7 41. cxd5 Ng5 42. Ne6+ Kf6 43. Qd4+ Kg6 44. Nf4+ Rxf4 45. Qd3+ Rf5 46. d6 Nf3+ 47. Kh1 Nxe1 48. Qe4 Qd5 0-1

[Event "Hofheim Spring op-B 5th"]
[Site "Hofheim"]
[Date "2017.04.11"]
[Round "8"]
[White "Hoelss, Manuel"]
[Black "Schubert, Nikita"]
[Result "1-0"]
[WhiteElo "1747"]
[BlackElo "1792"]
[PlyCount "95"]
[EventDate "2017.04.07"]
[EventType "swiss"]
[EventRounds "9"]
[EventCountry "GER"]
[SourceTitle "CBM 178 Extra"]
[Source "ChessBase"]
[SourceDate "2017.06.22"]
[SourceVersion "1"]
[SourceVersionDate "2017.06.22"]
[SourceQuality "1"]

1. b3 Nf6 2. Bb2 e6 3. e3 b6 4. c4 Bb7 5. Qc2 Be7 6. Na3 0-0 7. 0-0-0 a5 8. Qc3 Bb4 9. Qd3 Na6 10. Nc2 Qe7 11. Nh3 h6 12. Rg1 a4 13. a3 axb3 14. Qxb3 Bd6 15. d4 e5 16. Bd3 Be4 17. f3 Bxd3 18. Qxd3 e4 19. Qc3 c6 20. f4 Bc7 21. d5 cxd5 22. Rxd5 Nc5 23. Ba1 Ne8 24. g4 Qf6 25. g5 Qxc3 26. Bxc3 hxg5 27. Rdxg5 f6 28. Rg6 Kh7 29. f5 Nd3+ 30. Kd2 Ne5 31. Bxe5 fxe5 32. Ng5+ Kg8 33. Nxe4 Rxf5 34. h4 Bd8 35. R6g4 Rc8 36. Kd3 Rc6 37. Nb4 Rh6 38. Nd5 Rfh5 39. Ng3 e4+ 40. Rxe4 Nd6 41. Nxh5 Nxe4 42. Nxg7 Nc5+ 43. Ke2 Kf8 44. Nf5 Rh5 45. Rf1 Kg8 46. Rf4 Rh7 47. Nd6 Rh6 48. Nf7 1-0

[Event "Hofheim Spring op-B 5th"]
[Site "Hofheim"]
[Date "2017.04.08"]
[Round "2"]
[White "Hoelss, Manuel"]
[Black "Kompe, Joerg"]
[Result "0-1"]
[WhiteElo "1747"]
[BlackElo "1817"]
[PlyCount "54"]
[EventDate "2017.04.07"]
[EventType "swiss"]
[EventRounds "9"]
[EventCountry "GER"]
[SourceTitle "CBM 178 Extra"]
[Source "ChessBase"]
[SourceDate "2017.06.22"]
[SourceVersion "1"]
[SourceVersionDate "2017.06.22"]
[SourceQuality "1"]

1. b3 Nf6 2. Bb2 g6 3. e4 d6 4. f4 Bg7 5. Nf3 0-0 6. Nc3 Nxe4 7. Qc1 Nxc3 8. Bxc3 Bxc3 9. dxc3 e5 10. fxe5 dxe5 11. Bc4 Nc6 12. 0-0 Kg7 13. Qe1 Qe7 14. Qg3 Be6 15. Bxe6 Qxe6 16. Ng5 Qe7 17. Rf3 f5 18. h4 h6 19. Nh3 Rf7 20. h5 g5 21. Rd3 f4 22. Qf2 g4 23. Kh1 gxh3 24. gxh3 Kh7 25. Rad1 Raf8 26. Qe1 e4 27. Rd7 Qe6 0-1

[Event "Hofheim Spring op-B 5th"]
[Site "Hofheim"]
[Date "2017.04.07"]
[Round "1"]
[White "Vega Lopez de Nava, Cesar Octavio"]
[Black "Hoelss, Manuel"]
[Result "1/2-1/2"]
[WhiteElo "1907"]
[BlackElo "1747"]
[PlyCount "24"]
[EventDate "2017.04.07"]
[EventType "swiss"]
[EventRounds "9"]
[EventCountry "GER"]
[SourceTitle "CBM 178 Extra"]
[Source "ChessBase"]
[SourceDate "2017.06.22"]
[SourceVersion "1"]
[SourceVersionDate "2017.06.22"]
[SourceQuality "1"]

1. e4 Nf6 2. e5 Nd5 3. d4 d6 4. c4 Nb6 5. exd6 exd6 6. Nc3 Nc6 7. Be2 Bf5 8. Nf3 Nb4 9. 0-0 Nc2 10. Rb1 Nb4 11. Ra1 Nc2 12. Rb1 Nb4 1/2-1/2

[Event "Karl Mala Memorial op-A 17th"]
[Site "Frankfurt"]
[Date "2014.08.03"]
[Round "6"]
[White "Hoelss, Manuel"]
[Black "Weil, Michael"]
[Result "0-1"]
[WhiteElo "1763"]
[BlackElo "2012"]
[PlyCount "86"]
[EventDate "2014.07.31"]
[EventType "swiss"]
[EventRounds "7"]
[EventCountry "GER"]
[SourceTitle "EXT 2015"]
[Source "ChessBase"]
[SourceDate "2014.11.20"]
[SourceVersion "1"]
[SourceVersionDate "2014.11.20"]
[SourceQuality "1"]

1. e4 Nf6 2. e5 Nd5 3. c4 Nb6 4. d4 d6 5. f4 dxe5 6. fxe5 Nc6 7. Nf3 Bf5 8. Be3 Nb4 9. Na3 e6 10. Qb3 Be7 11. Bd2 a5 12. Be2 0-0 13. 0-0 Qd7 14. Bxb4 Bxb4 15. c5 Nd5 16. Nc4 a4 17. Qd1 b5 18. a3 bxc4 19. axb4 Ne3 20. Qc1 Nxf1 21. Qxf1 Qb5 22. Qe1 Rfb8 23. Qc3 Qxb4 24. Qxc4 Qxc4 25. Bxc4 Rxb2 26. Ra3 Be4 27. Ne1 Rb4 28. Bd3 Rxd4 29. Bxe4 Rxe4 30. Nd3 Re2 31. Kf1 Rc2 32. h4 Kf8 33. g3 Ke7 34. Ke1 h6 35. Kd1 Rg2 36. Nf4 Rb2 37. Kc1 Rb3 38. Rxb3 axb3 39. Kb2 Rb8 40. Nd3 Kd7 41. Nc1 Kc6 42. Nxb3 Rxb3+ 43. Kxb3 Kxc5 0-1

[Event "Karl Mala Memorial op-A 17th"]
[Site "Frankfurt"]
[Date "2014.08.03"]
[Round "7"]
[White "Kube, Jens"]
[Black "Hoelss, Manuel"]
[Result "1-0"]
[WhiteElo "1572"]
[BlackElo "1763"]
[PlyCount "47"]
[EventDate "2014.07.31"]
[EventType "swiss"]
[EventRounds "7"]
[EventCountry "GER"]
[SourceTitle "EXT 2015"]
[Source "ChessBase"]
[SourceDate "2014.11.20"]
[SourceVersion "1"]
[SourceVersionDate "2014.11.20"]
[SourceQuality "1"]

1. e4 c5 2. d4 cxd4 3. c3 dxc3 4. Nxc3 Nc6 5. Nf3 Nf6 6. Bc4 d6 7. e5 Ng4 8. e6 Bxe6 9. Bxe6 fxe6 10. Ng5 Nf6 11. Nxe6 Qd7 12. Qe2 Nd8 13. Nxf8 Rxf8 14. 0-0 Nf7 15. Rd1 0-0-0 16. Be3 Kb8 17. Rd4 Ne5 18. Ra4 a6 19. Rb4 Ka8 20. Rd1 Neg4 21. Na4 Kb8 22. Nc5 Qc6 23. Ne6 Nxe3 24. fxe3 1-0

[Event "Karl Mala Memorial op-A 17th"]
[Site "Frankfurt"]
[Date "2014.07.31"]
[Round "1"]
[White "Keller, Peter1111"]
[Black "Hoelss, Manuel"]
[Result "1-0"]
[WhiteElo "2110"]
[BlackElo "1763"]
[PlyCount "43"]
[EventDate "2014.07.31"]
[EventType "swiss"]
[EventRounds "7"]
[EventCountry "GER"]
[SourceTitle "EXT 2015"]
[Source "ChessBase"]
[SourceDate "2014.11.20"]
[SourceVersion "1"]
[SourceVersionDate "2014.11.20"]
[SourceQuality "1"]

1. e4 c5 2. Nf3 Nc6 3. d4 cxd4 4. Nxd4 e5 5. Nb5 d6 6. N1c3 a6 7. Na3 Nf6 8. Bg5 Be7 9. Nc4 b5 10. Ne3 Nd4 11. Bxf6 gxf6 12. g3 f5 13. exf5 Bb7 14. Ncd5 b4 15. Bg2 Rb8 16. c3 bxc3 17. bxc3 Qa5 18. f6 Bd8 19. 0-0 Ne6 20. Rb1 Nc5 21. Nc4 Qa4 22. Nxd6+ 1-0

[Event "Rhein Main op-B 17th"]
[Site "Bad Homburg"]
[Date "2014.06.19"]
[Round "2"]
[White "Juenger, Leonhard"]
[Black "Hoelss, Manuel"]
[Result "1-0"]
[WhiteElo "1823"]
[BlackElo "1602"]
[PlyCount "47"]
[EventDate "2014.06.18"]
[EventType "swiss"]
[EventRounds "9"]
[EventCountry "GER"]
[SourceTitle "CBM 161 Extra"]
[Source "ChessBase"]
[SourceDate "2014.08.29"]
[SourceVersion "1"]
[SourceVersionDate "2014.08.29"]
[SourceQuality "1"]

1. e4 e5 2. Nf3 Nc6 3. Bc4 Nf6 4. d4 Nxe4 5. dxe5 Bc5 6. 0-0 Ne7 7. Ng5 d5 8. Nxe4 Bb6 9. Bb5+ Kf8 10. Ng3 h5 11. h4 c6 12. Bd3 Bg4 13. Qe1 Rh6 14. Bxh6 gxh6 15. Qb4 Kg7 16. Qd6 Qe8 17. Qf6+ Kg8 18. Qxh6 Ng6 19. Nxh5 Qxe5 20. Bxg6 fxg6 21. Qxg6+ Kh8 22. Nf6 Bf5 23. Qh6+ Bh7 24. Qxh7# 1-0